| 000 | 00683nam a2200229 u 4500 | ||
|---|---|---|---|
| 005 | 20240924070613.0 | ||
| 008 | 181120s2005 r 000 0 eng d | ||
| 020 | _a9685054355 | ||
| 035 | _aUPN01000227965 | ||
| 049 | _aCG | ||
| 050 | 4 |
_aBD241 _bC6.3 |
|
| 100 | 1 |
_aConde Gaxiola, Napoleón Rosario _933654 |
|
| 245 | 1 | 3 |
_aLa hermenéutica analógica y la cuestión cultural en México / _cNapoleón Conde Gaxiola. |
| 260 |
_aMéxico : _bDucere, _c2005. |
||
| 300 | _a138 p. | ||
| 440 | 0 |
_aHermenéutica, analogía e imagen ; _v9 |
|
| 650 | 4 |
_aHermenéutica _95799 |
|
| 650 | 4 |
_aANALOGIA _917691 |
|
| 650 | 4 |
_aCultura _zMéxico _911507 |
|
| 905 | _aLibro | ||
| 999 |
_c200060 _d200060 |
||